Pokroková Bratislava

Prieskum nákupného správania v Bratislave. Kde realizujú Bratislavčania menšie a väčšie nákupy potravín a v akej frekvencii. Návštevnosť obchodných centier. Dôvody ich návštev.

Gespeichert in:
Bibliographische Detailangaben
1. Verfasser: Hinková-Dibarborová, Andrea
Format: Buchkapitel
Sprache:Slowakisch
Schlagworte:
Tags: Tag hinzufügen
Keine Tags, Fügen Sie das erste Tag hinzu!

MARC

LEADER 00000naa a2200000 4500
001 r047674
005 20231004094421.5
041 0 |a slo 
044 |a SK 
245 1 0 |a Pokroková Bratislava  |c Andrea Hinková 
520 |a Prieskum nákupného správania v Bratislave. Kde realizujú Bratislavčania menšie a väčšie nákupy potravín a v akej frekvencii. Návštevnosť obchodných centier. Dôvody ich návštev. 
610 2 0 |a nákup 
610 2 0 |a prieskum štatistický 
610 2 0 |a spotrebitelia 
610 2 0 |a správanie spotrebiteľa 
610 2 0 |a domy obchodné 
610 2 0 |a predajne 
610 2 0 |a supermarkety 
610 2 0 |a hypermarkety 
100 1 |a Hinková-Dibarborová, Andrea